000 00195nam a22000857a 4500
082 _a300
100 _aCBSE
245 _aFORMATIVE ASSESSMENT MANUAL FOR TEACHERS
_bSOCIAL SCIENCE CLASS IX
942 _cBK
999 _c8463
_d8463